Responses for show #5341 - Monday, November 26, 2007

Lisa Klink game 1.

Contestants

Lisa Klink, a TV writer from Los Angeles, California

Penny Asay, an assistant professor of clinical psychology from Chicago, Illinois

Kate Swenson, a law student from Minneapolis, Minnesota (whose 2-day cash winnings total $28,001)

Jeopardy! Round responses

O CANADA
NOW PLAYING AT THE OEDIPUS COMPLEX
COMPUTER ON!
BANNED BOOKS
WHAT ARE YOU DOING?
WORDS IN NOVEMBER
(Alex: Each correct response will be a word that can be formed from the letters in the word "November".)
    $200 11
Toronto

Kate
    $200 5
Psycho

Lisa
    $200 17
delete

Lisa
    $200 1
"Little Red Riding Hood"

Kate
    $200 22
accessorize

Kate
    $200 16
a robe

Penny
    $400 12
(Alex: It's [*]. One of Canada's symbols. "The Beav.")

the beaver

Triple Stumper
    $400 7
The Manchurian Candidate

Kate
    $400 18
Intel

Penny
    $400 2
Greece

Kate
    $400 27
you're drawing a circle right around it

Triple Stumper
    $400 23
an ember

Penny
    $600 13
Northwest Territories

Triple Stumper
    $600 8
Hamlet

Lisa
    $2,400 19
(Penny: What is ether? Net.)
[laughter]
(Alex: You are Cor. Rect.)

Ethernet

Penny
    $600 3
(Lisa: Who is John Locke?)

Thomas Paine

KateLisa
    $600 28
biathlon

Kate
    $600 24
beer

Kate
    $800 14
(Alex: At least you're acquring information about my native land.
[audience laughter]
The correct response would be [*].)

Quebec

Triple Stumper
    $800 9
The World According to Garp

Lisa
    $800 20
(Penny: What is a BitTorrent?)

FireWire

PennyLisa
    $800 4
Jack London

Penny
    $800 29
climb Mount Everest

Lisa
    $800 25
a verb

Lisa
    $1000 15
(Alex: And that would be the province of [*]. Let's wait before we go on. I will let our three lovely contestants digest the information about Canada while we present these commercials for you.)

Manitoba

Triple Stumper
    $1000 10
What's Eating Gilbert Grape

Kate
    $1000 21
Markup Language

Penny
    $1000 6
Twelfth Night

Penny
    $1000 30
filibustering

Penny
    $1000 26
roe

Lisa

Scores at the first commercial break (after clue 15):

Kate Penny Lisa
$2,800 $1,800 $1,000

Scores at the end of the Jeopardy! Round:

Kate Penny Lisa
$4,200 $6,400 $4,600

Double Jeopardy! Round responses

YOU PICKED A FINE TIME
2
LEAF ME
LOOSE WHEEL
KENNY
RAJAS
    $400 6
prime time

Kate
    $400 1
8

Kate
    $400 30
to turn over a new leaf

Lisa
    $400 14
roulette

Penny
    $400 11
(Alex: And that was the "[*] of the County"...)

Coward

Triple Stumper
    $400 21
rex

Kate
    $800 7
a generation

Kate
    $800 2
red and green

Kate
    $800 29
spinach

Kate
    $800 15
scrolling

Lisa
    $2,000 12
R2-D2

Lisa
    $800 22
Sri Lanka

Lisa
    $1200 8
(Penny: What is twilight?)

The Magic Hour

PennyLisa
    $1200 3
Samuel

Triple Stumper
    $1200 28
(Penny: What is tobacco?)

cigars

PennyLisa
    $1200 18
(Lisa: What is [*]? under pressure?
Alex: You know what? W-we'll give you that. I-it's [*]. And if you have--talking about air pressure, overpressure, it's overinflated...)

air pressure (overinflation or underinflation)

Lisa
    $1200 13
Kenny Chesney

Penny
    $1200 23
Maharaja

Kate
    $1600 9
"Era of Good Feelings"

Lisa
    $3,000 4
Mars

Kate
    $1600 27
kelp

Penny
    $1600 19
[ERRATUM: Correct response should have been musket; rifled firearms were not popular until the 1800s.]

a rifle

Kate
    $1600 16
"The White Shadow"

Lisa
    $1600 25
Rajasthan

Kate
    $2000 10
(Kate: What is an era?)
(Penny: What is an epoch?)

an eon

KatePenny
Triple Stumper
    $2000 5
semaphore

Penny
    $2000 26
a bay leaf

Lisa
    $2000 20
a linchpin

Triple Stumper
    $2000 17
(Alex: And this time the Kenny is [*]...)

Ken Russell

Triple Stumper
    $2000 24
(Kate: What is Reina?
Alex: No.
...
Alex: Correct response--what is [*]? R-A-N-I...)

Rani

Kate
Triple Stumper

Scores at the end of the Double Jeopardy! Round:

Kate Penny Lisa
$11,200 $7,200 $17,400

[wagering suggestions for these scores]

Final Jeopardy! Round responses

WOMEN IN HISTORY
(Alex: No. Champ, Kate, you were on the right track when you said [*]. The daughter of Queen Isabella. The first wife of Henry VIII.)
PennyWho is Mary?
$7,200
KateWho is Catherine of A Isabel of Aragon
$11,199
LisaWho is Mary?
$5,100
Catherine of Aragon

Final scores:

Kate Penny Lisa
$1 $0 $12,300
2nd place: $2,000 3rd place: $1,000 New champion: $12,300

Game dynamics:

Coryat scores:

Kate Penny Lisa
$9,800 $5,400 $16,200
19 R
(including 1 DD),
2 W
12 R
(including 1 DD),
4 W
18 R
(including 1 DD),
1 W

Combined Coryat: $31,400

The J! Archive is created by fans, for fans. The Jeopardy! game show and all elements thereof, including but not limited to copyright and trademark thereto, are the property of Jeopardy Productions, Inc. and are protected under law. This website is not affiliated with, sponsored by, or operated by Jeopardy Productions, Inc. Join the discussion at JBoard.tv.